El agravamiento de las sanciones formales en materia de seguridad social

Guardado en:
Detalles Bibliográficos
Autor principal: Vázquez, Eduardo A.
Formato: Desconocido
Aporte de:Registro referencial: Solicitar el recurso aquí
LEADER 00359 a2200109 4500
001 ART_8564
005 20260410161640.0
008 260409a
245 1 0 |a El agravamiento de las sanciones formales en materia de seguridad social 
100 1 |a Vázquez, Eduardo A. 
773 0 |t Consultor tributario  |g - Vol. 4, Nº 39 (may. 2010)  |w REV474 
999 |c 13278  |d 13278